| 000 | 01153nam a22002297a 4500 | ||
|---|---|---|---|
| 999 |
_c62611 _d62611 |
||
| 003 | Ge_BSU | ||
| 005 | 20241217165950.0 | ||
| 008 | 241217s1969 ge ||||| |||| 00| 0 geo d | ||
| 041 | _ageo | ||
| 080 | _a611.95 კ-37 | ||
| 100 | _4კახიანი, ვ. | ||
| 245 |
_aოლეოცეკალური კუთხის ქირურგიული ანატომია / _cვ. კახიანი; წინასიტყვაობის ავტორი და რედაქტორი დ. იოსელიანი. |
||
| 264 |
_aთბილისი : _bმეცნიერება, _c1969. |
||
| 300 |
_a498 გვ.: _bილ.; _c26 სმ. |
||
| 500 | _aპარალ. სათაური რუსულ ენაზე | ||
| 504 | _aბიბლიოგრ. გვ465-496 | ||
| 653 | _a ქირურგიული ანატომია | ||
| 653 | _aმედიცინა | ||
| 700 |
_aიოსელიანი, დ. _eწინასიტყვაობა _923989 |
||
| 700 |
_aიოსელიანი, დ. _eრედაქტორი _923989 |
||
| 942 |
_2udc _cᲬᲘᲒᲜᲘ |
||